000 00442cam a2200181ua 4500
020 _c22.00
041 _aeng
_h
082 _a536.7
_bPIT/TH
100 _aPitzer, Kenneth S .
245 _aThermodynamics /
_cKenneth S Pitzer.
_hTextual Documents
250 _a2 /
_b.
260 _aNew York :
_bMcGraw Hill Book Company ,
_c1961.
300 _a723 ; .
365 _a22.00
504 _a
942 _cBK
999 _c11057
_d11057